000 05811nam a22005057a 4500
005 20101206113148.0
008 101206t xxu||||| |||| 00| 0 hin d
010 _aHIN-93229 B-477920-937
020 _c400.00
_a9788181871596
035 _aHN-65575 B-477920-937
037 _bDBAD/PUB
040 _aDPL
_bHN
082 _a306.0954
100 _924598
_aनिरगुणे, वसंत
245 _aलोक प्रतीक /
_cवसंत निरगुणे
246 _aLok Prateek
_bby Vasant Nirgune
260 _aदिल्ली
_bआलेख प्रकाशन
_c2011
270 _bदिल्ली
_aवी-8, नवीन शाहदरा
_e110032
300 _a280पृ.
_c22सेमी (सजिल्द)
650 _91169
650 _929580
700 _924599
700 _924924
942 _2ddc
_cHN
_mनिरगु
_h306.0954
999 _c53943
_d53943